Célébrités vrai prénom - Statistiques

Statistiques générales
  • Ce quiz a été pris 52 fois
  • Le résultat moyen est 3 sur 12
Statistiques - réponses
Par images Réponse % Correct
Michel
59%
Jacques
55%
William
39%
André
29%
Christophe
24%
Frédérique
16%
Nicolas
16%
Marc
14%
Anthony
12%
Ronan
12%
Hala
10%
Victor
8%
Aucun quiz correspondant
Distribution des résultats
% des personnes avec chaque résultat
Percentile par nombre de réponses
Votre historique - résultats
Vous n’avez pas pris ce quiz